LEADER 00832nam a2200229 i 4500 001 000000153759 003 CaOOAMICUS 005 20061002000000.0 008 061002s1981 it u000 u ita u 013 $a131102 040 $aSeMil$bita 100 1 $aPedretti, Carlo <1928-2018>.$0(OLS)http://semarc/name/92483 245 10$aLeonardo Architetto /$cCarlo Pedretti. 250 $a2. ed. 260 $aMilano :$bElecta,$c1981. 300 $a364 p. :$bill. ;$c29 cm. 500 $aContiene : Bibliografia. 600 04$aLeonardo : da Vinci <1452-1519>.$0(OLS)http://semarc/subject/2814 850 $aSeMil 852 $aSeMil$W1$xVenegono$y1$m5R VI 14$j105648$B105648$CSeMilBibl$Z2$F114830 $8I 996 $6245$aLeonardo Architetto$9(OLS)http://semarc/title/224953 996 $6260$aMilano :$bElecta$9(OLS)http://semarc/publisher/29711 LEADER 01281nam a2200205 i 4500 001 000000251702 003 CaOOAMICUS 005 20221202110603.0 008 161129s1749 gw u000 u lat u 013 $a230607 040 $aSeMil$bita 100 1 $aHuber, Ulricus,$d<1636-1694>.$0(OLS)http://semarc/name/15338 245 10$aUlrici Huberi ... Praelectionum juris romani et hodierni pars 2. 300 $a[20] p., P. 515-1026. 500 $aSegn.: ?-2?4 3?2 A-3S4 773 0 $aHuber, Ulricus <1636-1694>$tUlrici Huberi ... Praelectionum juris civilis tomi 3. Secundum institutiones et digesta Justiniani. Accedunt Christiani Thomasii Jcti additiones quibus sua scholia contra auctorem defendit et Luderi Menckenii Jcti remissiones ad jus Saxonicum.$dFrancofurti et Lipsiae : In Officina libraria Joh. Frid. Gleditsch ; Prostat etiam Lugduni Bat. : Apud Corn. Haack, 1749.$bEditio quarta in qua paratitla ex novissimo jure saxonico electorali suo quaevis lcoc adjecta et indicibus accuratissimis aucta$g2$w()33478 850 $aSeMil 852 $aSeMil$W1$xVenegono$y1$m3L V 31 FA$j202048$B202048$CSeMilBibl$Z2$F214536 $8I 996 $6245$aUlrici Huberi ... Praelectionum juris romani et hodierni pars 2$9(OLS)http://semarc/title/353920